01341cam a2200253 i 4500001000800000005001700008008004100025010001700066015001300083020002600096040001800122043001200140082001500152100002700167245011000194250002300304260003700327300003100364504004100395505055100436650004700987651003301034700002001067181681220220326193308.0790320s1976 sp b 000 0 spa  a 79338269  aSp78-Jun a8437700493 :c350ptas aDLCcDLCdDLC acl-----00a980bR196d1 aRangel, Carlos,d1929-10aDel buen salvaje al buen revolucionario :bmitos y realidades de América Latina /c[por] Carlos Rangel. a1. ed. española. aBarcelona :bMonte Avila,c1976. a257 p., 2 leaves ;c24 cm. aIncludes bibliographical references. tIntroducción: Española y no latinatCaptilo 1: Del buen Salvaje al Buen revolucionario tCaptilo 2:Latinoamerica y los Estados Unidos tCaptilo 3: Heroes y traidores tCaptilo 4: Ariel y Caliban tCaptilo 5: Latinoamerica y el marxismo tCaptilo 6: Latinoamerica y la iglesia tCaptilo 7: Algunas verdades tCaptilo 8: Algunas Verdades más tCaptilo 9: Las formas del poder político en America Latina (1) tCaptilo 10:Las formas del poder político en America Latina (2)tCaptilo 11: Las formas del poder político en America Latina (3) aRelaciones ExterioresvPolitica y Gobierno 0aLatin AmericaxCivilization. aRangel, Carlos,